Trendy v chápaní zdrojů podniku při tvorbě strategie podniku
Hlavné smery súčasných prístupov k stratégii podniku. Prístup založený na štruktúre odvetvia. Prístup založený na zdrojoch a schopnostiach podniku. Strategické implikácie zdrojového a odvetvového prístupu.
Salvato in:
| Autore principale: | |
|---|---|
| Natura: | Capitolo di libro |
| Lingua: | ceco |
| Soggetti: | |
| Tags: |
Nessun Tag, puoi essere il primo ad aggiungerne!!
|
MARC
| LEADER | 00000naa$a2200000$$$4500 | ||
|---|---|---|---|
| 001 | 0058343 | ||
| 005 | 20231116104402.1 | ||
| 041 | 0 | |a cze | |
| 044 | |a CZ | ||
| 245 | 1 | 0 | |a Trendy v chápaní zdrojů podniku při tvorbě strategie podniku |c Helena Sedláčková |
| 520 | |a Hlavné smery súčasných prístupov k stratégii podniku. Prístup založený na štruktúre odvetvia. Prístup založený na zdrojoch a schopnostiach podniku. Strategické implikácie zdrojového a odvetvového prístupu. | ||
| 610 | 2 | 0 | |a stratégia podniková |
| 610 | 2 | 0 | |a zdroje podnikové |
| 610 | 2 | 0 | |a konkurencia |
| 610 | 2 | 0 | |a odvetvia priemyselné |
| 100 | 1 | |a Sedláčková, Helena | |